| 000 | 00899nam a22002057a 4500 | ||
|---|---|---|---|
| 003 | BD-DhUL | ||
| 005 | 20210913141525.0 | ||
| 008 | 210824s1997 bg a|||| b||| 00| 0 ben | | ||
| 040 |
_aBD-DhUL _cBD-DhUL |
||
| 082 |
_a700.92 _bCHJ |
||
| 100 | 1 | _aচৌধুরী, কবীর | |
| 245 | 0 | 0 |
_aজন সিঙ্গার সার্জেন্ট / _cকবীর চৌধুরী । |
| 260 |
_aঢাকা : _bবাংলাদেশ শিল্পকলা একাডেমী, _c১৯৯৭ । |
||
| 300 |
_a৬৭ : _bচিত্র (কিছু রঙ্গিন) ; _c২২ সেমি. |
||
| 365 |
_aBDT _b130.00 |
||
| 504 | _aগ্রন্থপঞ্জিগত তথ্য সংবলিত । | ||
| 600 | 4 |
_aসার্জেন্ট, জন সিঙ্গার _xজীবনী । |
|
| 600 | 4 |
_aSargent,John Singer _xBiography. |
|
| 942 |
_2ddc _cBK |
||
| 999 |
_c254295 _d254295 |
||